El arte de criar los niños / (Record no. 152743)

MARC details
000 -LEADER
campo de control de longitud fija 00768nam a2200193 i 4500
001 - NÚMERO DE CONTROL
campo de control 152743
003 - IDENTIFICADOR DE NÚMERO DE CONTROL
campo de control ES-MaACL
005 - FECHA Y HORA DE LA ÚLTIMA TRANSACCIÓN
campo de control 20250828023342.0
008 - DATOS DE LONGITUD FIJA--INFORMACIÓN GENERAL
campo de control de longitud fija 020716s1878 sp |||| | spa d
100 1# - ENTRADA PRINCIPAL--NOMBRE DE PERSONA
Nombre de persona Brochard, André-Théodore.
9 (RLIN) 31829
245 13 - MENCIÓN DEL TÍTULO
Título El arte de criar los niños /
Mención de responsabilidad, etc. Brochard ; versión española de P.G. de Velasco y Á. Pulido.
260 ## - PUBLICACIÓN, DISTRIBUCIÓN, ETC.
Lugar de publicación, distribución, etc. Madrid :
Nombre del editor, distribuidor, etc. [s.n.],
Fecha de publicación, distribución, etc. 1878 (
Fabricante Imp. Central, a cargo de V. Saiz)
300 ## - DESCRIPCIÓN FÍSICA
Extensión VIII, 46 p. ;
Dimensiones 17 cm.
650 07 - PUNTO DE ACCESO ADICIONAL DE MATERIA--TÉRMINO DE MATERIA
Término de materia o nombre geográfico como elemento de entrada Educación de niños
Fuente del encabezamiento o término embne
9 (RLIN) 12099
700 1# - ENTRADA AGREGADA--NOMBRE PERSONAL
Nombre de persona González Velasco, Pedro,
Fechas asociadas al nombre 1815-1882
9 (RLIN) 127434
700 1# - ENTRADA AGREGADA--NOMBRE PERSONAL
Nombre de persona Pulido, Ángel,
Fechas asociadas al nombre 1852-1932
9 (RLIN) 149324
852 ## - LOCALIZACIÓN
Ubicación ES-MaACL
Número de control de estantería T-764-F-4
Nota libre - Enc. hol., conservando cub. original
-- - Enc. en un vol. facticio
Holdings
Estatus retirado Estado de pérdida Estado de daño No para préstamo Colección Biblioteca de origen Biblioteca actual Ubicación en estantería Fecha de adquisición Total de préstamos Signatura topográfica completa Código de barras Visto por última vez Precio de reemplazo Tipo de ítem Koha
        Colección de folletos Biblioteca del Ateneo de Madrid Biblioteca del Ateneo de Madrid Depósito folletos 17/01/2008   T-764-F-4 1159518 23/02/2023 23/02/2023 Folleto